LEADER 01072nam a2200217 a 4500 001 000000145878 003 CaOOAMICUS 005 20150921105848.0 008 150921s1971 gw u000 u ger r 040 $aPUL$bita 245 04$aDie Berlin-Regelung :$bdas Viermächte-Abkommen über Berlin und die ergänzenden Vereinbarungen /$cHrsg. vom Presse- und Informationsamt der Bundesregierung. 260 $aBonn :$bGedruckt in der Bundesdruckerei,$c1971. 300 $a348 p. ;$c18 cm 651 4$aGermania$xPolitica e governo$ySec. XX.$0(OLS)http://pul/subject/8131 710 2 $aPresse- und Informationsamt der Bundesregierung.$0(OLS)http://pul/name/93368 850 $aPUL 852 $aPUL$W1$xDP1 Religione 1$y20$m641 H 32$j168774$qStampati$B169409$CPULBib$Z2$F169409 $H35751 $82 941 1 $a8 996 $6245$aDie Berlin-Regelung :$bdas Viermächte-Abkommen über Berlin und die ergänzenden Vereinbarungen$9(OLS)http://pul/title/184452 996 $6260$aBonn :$bGedruckt in der Bundesdruckerei$9(OLS)http://pul/publisher/83793 LEADER 01342nam a2200277 u 4500 001 000000107690 003 CaOOAMICUS 005 20071017121121.0 008 071017s1988 sz u000 u ger u 020 $z3-7954-0276-x* 040 $aPUL$bita$dBc 041 0 $ager 245 10$aEthik als Anspruch an die Wissenschaft, oder, Ethik in der Wissenschaft /$cLudwig Siep (Hrsg.) ; mit Beiträgen von Kurt Bayertz...[et al.]. 260 $aMünchen ;$aZürich :$bVerlag Schnell & Steiner,$c1988. 300 $a138 p. ;$c21 cm. 490 1 $aSchriftenreihe der Katholischen Akademie der Erzdiözese Freiburg 650 4$aScienza e morale.$0(OLS)http://pul/subject/5835 700 1 $aBayertz, Kurt.$0(OLS)http://pul/name/33995 700 1 $aSiep, Ludwig.$0(OLS)http://pul/name/66094 830 0$aSchriftenreihe der Katholischen Akademie der Erzdiözese Freiburg.$0(OLS)http://pul/title/41514 850 $aPUL 852 $aPUL$W1$xSL Religione 1$y3$m37 A 55$j122455$qStampati$B121435$CPULBib$Z2$F121435 $H61465 $82 941 1 $a8 996 $6020$z3-7954-0276-x*$9(OLS)http://pul/number/135965 996 $6245$aEthik als Anspruch an die Wissenschaft, oder, Ethik in der Wissenschaft$9(OLS)http://pul/title/135597 996 $6260$aMünchen ;$aZürich :$bVerlag Schnell & Steiner$9(OLS)http://pul/publisher/60600